000 nam a22 7a 4500
999 _c126676
_d126676
008 170817b xxu||||| |||| 00| 0 eng d
020 _a9781587432613
050 _aBS2825.52.K73 2010
100 _aKraybill, Nelson J.
_934829
245 _aApocalypse and allegiance
_bworship, politics, and devotion in the Book of Revelation
_cJ. Nelson Kraybill
260 _aMichigan
_bBrazos Press
_c2010
300 _a224p. ;
_c23cm.
650 _aBible N.T. Revelation
_xCriticism, interpretation, etc.
_934830
942 _2lcc
_cMONOGRAPH